Statistics for Every Top Song In 2020

Click here to take the quiz!

General Stats

  • This quiz has been taken 13 times
  • The average score is 5 of 16

Answer Stats

WhenArtistFt.Song% Correct
1/4Mariah Carey-All I Want For Christmas Is You
67%
8/22, 8/29Cardi BMegan Thee StallionWAP
67%
4/4, 4/11, 4/25, 5/2The Weeknd-Blinding Lights
50%
5/16Doja CatNicki MinajSay So
50%
9/5, 9/12BTS-Dynamite
42%
1/18 - 3/28Roddy Ricch-The Box
42%
8/15Harry Styles-Watermelon Sugar
42%
1/11Post Malone-Circles
33%
6/13, 6/20, 7/4-8/1DaBabyRoddy RicchRockstar
25%
5/30Megan Thee StallionBeyonceSavage
25%
5/23Ariana GrandeJustin BieberStuck With U
25%
8/8Taylor Swift-Cardigan
17%
4/18Drake-Toosie Slide
17%
6/6Lady GagaAriana GrandeRain On Me
8%
5/9THE SCOTTSTravis Scott, Kid CudlThe Scotts
8%
6/276ix9ineNicki MinajTrollz
0%

Score Distribution

Percentile by Number Answered

Percent of People with Each Score

Your Score History

You have not taken this quiz